Search for neutrino oscillations in a long baseline experiment at the CHOOZ nuclear reactors : (Record no. 584960)

MARC details
000 -LEADER
fixed length control field 00542nam a2200181 a 4500
008 - FIXED-LENGTH DATA ELEMENTS--GENERAL INFORMATION
fixed length control field 250902s1999##################000#0#eng##
020 ## - INTERNATIONAL STANDARD BOOK NUMBER
ISBN 9788876422881
082 04 - DEWEY DECIMAL CLASSIFICATION NUMBER
Classification number 539.72
Item number PER
100 1# - MAIN ENTRY--AUTHOR NAME
Personal name Nicolò, Donato,
245 10 - TITLE STATEMENT
Title Search for neutrino oscillations in a long baseline experiment at the CHOOZ nuclear reactors :
260 ## - PUBLICATION, DISTRIBUTION, ETC. (IMPRINT)
Name of publisher Edizioni della Normale,
Year of publication 1999.
650 #0 - SUBJECT ADDED ENTRY--TOPICAL TERM
Topical Term Science.
942 ## - ADDED ENTRY ELEMENTS (KOHA)
Koha item type English Books
Holdings
Withdrawn status Lost status Damaged status Not for loan Home library Current library Shelving location Date acquired Full call number Accession Number Price effective from Koha item type
        Anna Centenary Library Anna Centenary Library 5TH FLOOR, A WING 02.09.2025 539.72 PER 318534 02.09.2025 English Books

Find us on the map